Memoria de la Junta Directiva de Expósitos de Vizcaya : ejercicios 1925 a 1932 ejercicios 1925 a 1932
Descripción Física:
31 p., 1 f. plegat : fot., taules ; 25 cm
Otros Autores:
Casa de Expósitos de Vizcaya
Materias:
Casa de Expósitos de Vizcaya -- Memòries
MARC
| LEADER | 00000nam a2200000Ia 4500 | ||
|---|---|---|---|
| 001 | 21464 | ||
| 008 | 160829s1933 xx 000 0 cat d | ||
| 080 | |a RF-12-85 | ||
| 245 | |a Memoria de la Junta Directiva de Expósitos de Vizcaya : |b ejercicios 1925 a 1932 | ||
| 260 | |a Bilbao : |b Imprenta Provincial, |c 1933 | ||
| 300 | |a 31 p., 1 f. plegat : |b fot., taules ; |c 25 cm | ||
| 590 | |a Prové de J-1620 | ||
| 650 | |a Casa de Expósitos de Vizcaya |x Memòries |9 47866 | ||
| 700 | |a Casa de Expósitos de Vizcaya |9 47867 | ||
| 856 | 4 | |u https://media.diba.cat/diba/fitxers/arxiu/fulletons/bib_21464_1933_baixa.pdf |y Accés lliure | |
| 856 | 4 | |u https://media.diba.cat/diba/fitxers/arxiu/fulletons/bib_21464_1933_baixa.pdf |y Accés lliure | |
| 901 | |a Arxiu | ||
| 942 | |n 1 |2 udc | ||
| 952 | |0 0 |1 0 |4 0 |6 RF1285 |7 1 |9 54161 |a Arxiu |b Arxiu |d 2016-12-01 |l 0 |o RF-12-85 |p 21464 |r 2016-12-01 00:00:00 |w 2016-12-01 |y ARXIU | ||
| 999 | |c 58030 |d 58030 | ||
| 900 | |a bib_21464_1933_baixa.pdf | ||